| 000 | 00341nam a22001457a 4500 | ||
|---|---|---|---|
| 003 | OSt | ||
| 005 | 20211230105553.0 | ||
| 008 | 211230b |||||||| |||| 00| 0 eng d | ||
| 020 | _a3540664297 | ||
| 040 | _cHU | ||
| 082 | _a005.7 | ||
| 100 |
_aReinartz Thomas _926299 |
||
| 245 | _aFocusing Solutions For Data Mining | ||
| 942 |
_2ddc _cBOOKS _n0 |
||
| 999 |
_c25216 _d25216 |
||